Journal of Ship Research (Record no. 17)

000 -LEADER
fixed length control field 00367nas a2200157 4500
Koha biblionumber 17
Koha biblioitemnumber 17
003 - CONTROL NUMBER IDENTIFIER
control field OSt
005 - DATE AND TIME OF LATEST TRANSACTION
control field 20190827065204.0
008 - FIXED-LENGTH DATA ELEMENTS--GENERAL INFORMATION
fixed length control field 190827b ||||| |||| 00| 0 eng d
022 ## - INTERNATIONAL STANDARD SERIAL NUMBER
International Standard Serial Number 00224502
245 ## - TITLE STATEMENT
Title Journal of Ship Research
260 ## - PUBLICATION, DISTRIBUTION, ETC. (IMPRINT)
Name of publisher, distributor, etc SNAME
310 ## - CURRENT PUBLICATION FREQUENCY
Current publication frequency QUATERLY
856 ## - ELECTRONIC LOCATION AND ACCESS
Uniform Resource Identifier <a href="https://www.ingentaconnect.com/content/sname/jsr">https://www.ingentaconnect.com/content/sname/jsr</a>
942 ## - ADDED ENTRY ELEMENTS (KOHA)
Source of classification or shelving scheme
Serial record 1
999 ## - SYSTEM CONTROL NUMBERS (KOHA)
Koha biblioitemnumber 17

No items available.

Designed and Maintained by IMU-KC Library, Kolkata Campus © Copyright All Rights Reserved

webs counters

Powered by Koha